000 00739nam a2200241 a 4500
001 ASIN9699645172
005 20170105102928.0
008 131213s2012 xxu eng d
020 _a9699645172 (hardcover)
020 _a9789699645174 (hardcover)
040 _a0
050 0 4 _aHV6433.P18
082 0 4 _a363.325095491
_bZAI 2012
100 1 _aZaidi, Manzar.
245 1 0 _aInsights on insecurity in pakistan /
_cManzar Zaidi.
260 _a[S.l.] :
_bNarratives PVT.LTD,
_c2012.
300 _a1 v. (unpaged)
650 0 _aInternational relations
650 0 _aPakistan
650 0 _aTerrorism--Government policy
856 4 0 _3Amazon.com
_uhttp://www.amazon.com/exec/obidos/ASIN/9699645172/chopaconline-20
942 _2ddc
_cBK
999 _c15910
_d15910